Thế giới - Những sự kiện lịch sử thế kỷ XX (1901-1945)

Chọn lọc, sắp xếp giới thiệu các sự kiện lịch sử chính về các mặt: Kinh tế, chính trị, xã hội, văn hoá ... diễn ra trong thế kỷ 20 trên thế giới

Sparad:
Bibliografiska uppgifter
Övriga upphovsmän: Võ Kim Cương (Tác giả), Nguyễn Ngọc Mão (Tác giả), Nguyễn Hồng Vân (Tác giả), Ngô Phương Bá (Tác giả)
Materialtyp: Bok
Språk:Vietnamese
Publicerad: H. Giáo dục 2003
Ämnen:
Taggar: Lägg till en tagg
Inga taggar, Lägg till första taggen!
Thư viện lưu trữ: Mạng thư viện Đại học Đà Nẵng
LEADER 01662nam a22004098a 4500
001 000009826
003 6024
005 20111103091157.0
008 111103s2003 b 000 0 vieod
020 |c 38500đ  |d 3000b 
041 0 |a vie 
080 |a 9(T)7/72 
082 |a 909  |b Thê 
084 |a P3(0)53/62  |b TH250G 
245 1 0 |a Thế giới - Những sự kiện lịch sử thế kỷ XX (1901-1945)  |c B.s: Lê Trung Dũng (ch.b), Ngô Phương Bá, Võ Kim Cương, .. 
260 |a H.  |b Giáo dục  |c 2003 
300 |a 441tr : 8 tờ ảnh  |c 24cm 
500 |a ĐTTS ghi: Trung tâm Khoa học Xã hội và Nhân văn Quốc gia. Viện Sử học 
520 |a Chọn lọc, sắp xếp giới thiệu các sự kiện lịch sử chính về các mặt: Kinh tế, chính trị, xã hội, văn hoá ... diễn ra trong thế kỷ 20 trên thế giới 
653 |a Lịch sử hiện đại 
653 |a Sự kiện lịch sử 
653 |a Thế giới 
700 1 |a Võ Kim Cương  |e Tác giả 
700 1 |a Nguyễn Ngọc Mão  |e Tác giả 
700 1 |a Nguyễn Hồng Vân  |e Tác giả 
700 1 |a Ngô Phương Bá  |e Tác giả 
910 |a Nguyễn Thị Kim Oanh  |d 3/11/2011 
OWN |a LSP 
AVA |a UDN50  |b LSP  |d 909 Thê  |e available  |t Error 5001 Not defined in file expand_doc_bib_avail.  |f 10  |g 0  |h N  |i 0  |k 1 
999 |a From the UDN01 
AVA |a UDN50  |b LSP  |d 909 Thê  |e available  |t Error 5001 Not defined in file expand_doc_bib_avail.  |f 10  |g 0  |h N  |i 0  |k 1 
TYP |a Monograph 
TYP |a Printed language 
980 |a Mạng thư viện Đại học Đà Nẵng